| 000 | 00000nam##2200000za#4500 |
| 001 | 9.600027 |
| 003 | CaOODSP |
| 005 | 20210624205352 |
| 007 | cr ||||||||||| |
| 008 | 150406|1998||||xxc|||||o f|0| 0 fre|d |
| 040 | |aCaOODSP|bfre |
| 043 | |an-cn--- |
| 086 | 1 |aBT31-4/20-1998F-PDF |
| 110 | 1 |aCanada. |bConseil du trésor. |
| 245 | 10|aTribunal canadien des relations professionnelles artistes-producteurs, rapport sur le rendement pour la période se terminant le 31 mars 1998 |h[ressource électronique] |
| 260 | |aOttawa - Ontario : |bSecrétariat du Conseil du Trésor du Canada |cc1998. |
| 300 | |a23p.|borganigramme, tableaux |
| 490 | 1 |aRapport sur le rendement pour la période se terminant le 31 mars 1998 |vPour la période se terminant le 31 mars 1998 |
| 500 | |aLe n° de catalogue (BT31-4/20-1998) et l’ISBN (0-660-60686-0) de l'édition imprimée bilingue ont été incorrectement copiés dans cette édition électronique. |
| 590 | |a11-06-Supp|b2011-04-14 |
| 775 | 08|tCanadian Artists and Producers Professional Relations Tribunal, performance report for the period ending March 31, 1998 |w(CaOODSP)9.568761 |
| 776 | 0#|tTribunal canadien des relations professionnelles artistes-producteurs|w(CaOODSP)9.531041 |
| 776 | 0#|tCanadian Artists and Producers Professional Relations Tribunal|w(CaOODSP)9.531040 |
| 830 | #0|aRapport sur le rendement pour la période se terminant le 31 mars 1998 ;|vPour la période se terminant le 31 mars 1998|w(CaOODSP)9.502654 |
| 856 | 40|ahttp://publications.gc.ca|qPDF|s161 Ko|uhttps://publications.gc.ca/collections/Collection/BT31-4-20-1998F.pdf|yPour la période se terminant le 31 mars 1998 |